| 000 | 00585nam a22001337a 4500 | ||
|---|---|---|---|
| 040 | _cRUA | ||
| 082 | _aAGR CHE 2010 B046 Or.1 | ||
| 100 | _aCHEA, BUNLENG | ||
| 245 | _aConvenient prevention of flea beetle on chimese kale វិធានការណ៍សមស្របសម្រាប់គ្រប់គ្រងសត្វទាកគួនៅលើដំណាំខាត់ណាដើម | ||
| 260 |
_aPhnom penh _bRUA _c2010 |
||
| 300 |
_axii, 48p. _bill. _c29cm. |
||
| 856 | _uhttps://drive.google.com/file/d/1Ho2kzaKWAjvRJoy73lFAxSeGyeQ1ehns/view?usp=sharing | ||
| 942 | _cAGR | ||
| 999 |
_c1077 _d1077 |
||